Online Catalogue and eLibrary

Patitha : (Record no. 1459)

MARC details
000 -LEADER
fixed length control field 00440nam a2200181Ia 4500
005 - DATE AND TIME OF LATEST TRANSACTION
control field 20250528032500.0
008 - FIXED-LENGTH DATA ELEMENTS--GENERAL INFORMATION
fixed length control field 240331s9999 xx 000 0 und d
020 ## - INTERNATIONAL STANDARD BOOK NUMBER
ISBN 13919148
082 ## - DDC Classification
Item Number - Author Mark PAT
Class No. 303
245 #0 - TITLE STATEMENT
Title Patitha :
Remainder of title samaja vidya sameekshaa
260 ## - PUBLICATION, DISTRIBUTION, ETC.
Place of publication, distribution, etc. Colombo
Name of publisher, distributor, etc. Social Institute
Date of publication, distribution, etc. 2006
300 ## - PHYSICAL DESCRIPTION
Extent (e.g. Volumes, Pages etc.) 182 p ., ( V 4th)
650 ## - SUBJECT ADDED ENTRY--TOPICAL TERM
Topical term or geographic name entry element Social
650 ## - SUBJECT ADDED ENTRY--TOPICAL TERM
Topical term or geographic name entry element Cultural
650 ## - SUBJECT ADDED ENTRY--TOPICAL TERM
Topical term or geographic name entry element survey
700 ## - ADDED ENTRY--PERSONAL NAME
Personal name Perera, S.
Relator term (Role) Editor
942 ## - Koha item type (Biblio)
Koha item type Books in Stacks (Lending)
Holdings
Lost status Damaged status Collection code Home library Current library Shelving location Date acquired Full call number Accession Number Item type
    Lending WERC Library WERC Library Social Science Cupboard 03/31/2024 303.6 PAT 6355 Books in Stacks (Lending)

© WERC Library